000 00704nam a2200265Ia 4500
001 Para_2504
003 CHAP
008 220125s1987 xx 000 0 und d
010 _a201019
040 _cCHAP
082 _aPA 633 D4y
100 _aDelorit, Richard J
_931704
245 _aBiblioteca de agricultura /
_c por Richard J. Delorit y Henry L. Ahlgren
260 _aMéxico, D. F. :
_b CECSA
300 _a8 v.
650 _aCultivos Agricultura
_9165874
700 _aAhlgrenn, Henry L.
_93091
901 _aPA 633 D4Y
902 _aA
905 _a0000001987 mx a 0000000000 00
910 _a1987
942 _cPARA
942 _cPARA
_d1
999 _c201019
_d201019